| 000 | 01285cam a2200301 i 4500 | ||
|---|---|---|---|
| 001 | 14055498 | ||
| 003 | EG-ScBUE | ||
| 005 | 20250618084949.0 | ||
| 008 | 050728t1992 si a f b 000 0 eng d | ||
| 020 | _a9810240686 | ||
| 035 | _a(OCoLC)ocm43500092 | ||
| 040 |
_aJCS _beng _erda _cJCS _dNLC _dTXA _dIQU _dDLC _dEG-ScBUE |
||
| 082 | 0 | 4 |
_a539.7544 _222 _bELE |
| 111 | 2 |
_aInternational Workshop on Electroweak Physics beyond the Standard Model _d2-5 Oct 1991 _cValencia, Spain, _97644 |
|
| 245 | 1 | 0 |
_aElectroweak physics beyond the standard model : _binternational workshop on electroweak physics beyond the standard model. Valencia, Spain, 2-5 Oct 1991 / _cJ. W. Valle & J. Velasco |
| 264 | 1 |
_aSingapore : _bWorld Scientific, _c[1992] |
|
| 264 | 4 | _cc1992 | |
| 300 |
_aix, 502 pages : _billustrations ; _c23 cm |
||
| 336 |
_2rdacontent _atext _btxt |
||
| 337 |
_aunmediated _2rdamedia _bn |
||
| 338 |
_avolume _bnc _2rdacarrier |
||
| 504 | _aIncludes bibliographical references. | ||
| 650 | 7 |
_aElectroweak interactions _vCongresses. _2BUEsh _97645 |
|
| 655 | _vReading book | ||
| 856 | 4 | 2 |
_3List of Institute papers in Spires _uhttp://www.slac.stanford.edu/spires/find/hep?cnum=C99-02-14 |
| 942 |
_2ddc _cBB |
||
| 999 |
_c12220 _d12220 |
||